I Never Danced at the White House (Record no. 5625)

MARC details
000 -LEADER
fixed length control field 00675nam a2200217 a 4500
003 - CONTROL NUMBER IDENTIFIER
control field PK-NaQUE
005 - DATE AND TIME OF LATEST TRANSACTION
control field 20260521123619.0
008 - FIXED-LENGTH DATA ELEMENTS--GENERAL INFORMATION
fixed length control field 260521b |||||||| |||| 00| 0 eng d
020 ## - INTERNATIONAL STANDARD BOOK NUMBER
International Standard Book Number 039911212X
020 ## - INTERNATIONAL STANDARD BOOK NUMBER
International Standard Book Number 978-0399112126
040 ## - CATALOGING SOURCE
Transcribing agency QUEST
100 1# - MAIN ENTRY--PERSONAL NAME
Personal name Buchwald, Art
9 (RLIN) 85
245 10 - TITLE STATEMENT
Title I Never Danced at the White House
250 ## - EDITION STATEMENT
Edition statement Seventh Printing ed.
260 ## - PUBLICATION, DISTRIBUTION, ETC. (IMPRINT)
Place of publication, distribution, etc [S.l.] :
Name of publisher, distributor, etc Publisher,
Date of publication, distribution, etc 1973.
300 ## - PHYSICAL DESCRIPTION
Extent 1 v. (unpaged) ;
650 ## - SUBJECT ADDED ENTRY--TOPICAL TERM
Topical term or geographic name as entry element United States--Civilization--1970- --Humor
9 (RLIN) 86
650 ## - SUBJECT ADDED ENTRY--TOPICAL TERM
Topical term or geographic name as entry element United States--Politics and government--1969-1974--Humor
9 (RLIN) 87
856 40 - ELECTRONIC LOCATION AND ACCESS
Uniform Resource Identifier <a href="http://10.10.170.122:8080/browse/book/29739">http://10.10.170.122:8080/browse/book/29739</a>
Link text Download eBook
942 ## - ADDED ENTRY ELEMENTS (KOHA)
Koha item type Books
Source of classification or shelving scheme Dewey Decimal Classification
Holdings
Withdrawn status Lost status Damaged status Not for loan Home library Current library Date acquired Total Checkouts Full call number Barcode Date last seen Price effective from Koha item type
        Central Library, QUEST, Nawabshah Central Library, QUEST, Nawabshah 09/06/2014   811.8BUC 26914 21/05/2026 09/06/2014 Books